| 000 | 00765nam a2200205 a 4500 | ||
|---|---|---|---|
| 003 | CDMR | ||
| 005 | 20140424174256.0 | ||
| 008 | 850531s1985 spca | 00| 0 cat d | ||
| 040 |
_bcat _cCDMR |
||
| 245 | 0 | 3 |
_aEl 75 _b: 1909-1984 : diari-catàleg de l'exposició 75 anys de periodisme català |
| 260 |
_aBarcelona _bAssociació de la Premsa de Barcelona, _c1985 |
||
| 300 |
_a32 p. : _bil.; _c42 cm |
||
| 500 | _aSuplement dels Annals del periodisme català | ||
| 650 | 0 | 4 |
_aPeriodisme _zCatalunya _93172 |
| 650 | 0 | 4 |
_aPeriodisme _92512 _xHistòria |
| 710 | 2 |
_aAssociació de la Premsa de Barcelona _939 |
|
| 740 | 0 | _aAnnals del periodisme català | |
| 856 | 4 | 0 |
_uhttp://raco.cat/index.php/annalsperiodismecatala/index _yDisponible en línia (RACO) |
| 942 |
_cRES _2udc |
||
| 999 |
_c6732 _d6732 |
||